000 00489nam a2200181Ia 4500
008 151018s9999 xx 000 0 und d
082 _bRBASDV51483
_a891.463
100 _aगुरुनाथ - नाईक
245 _aधडक
250 _b1
260 _bप्रथमेश
_c2009
300 _a224
600 _aगुरुनाथ - नाईक
630 _aधडक
700 _aगुरुनाथ - नाईक
730 _aधडक
942 _cBOOK
999 _c1050349
_d1050346